Lyrics to The Attic Quiz Stats

 Plays Quiz not verified by Sporcle

Support Sporcle.
Go Orange.
Score 0/45 Timer 10:00
0 Plays Today
Character Lyric % Correct
WinnieA
100%
a
100%
the
100%
And
100%
a
100%
I
95%
I
95%
night
90%
in
90%
an
90%
house
85%
That's
85%
clearly
85%
haunted
85%
That's
85%
price
85%
you
85%
pay
85%
Getting
85%
what
85%
you
85%
wanted
85%
you
85%
Character Lyric % Correct
what
85%
One
80%
step
80%
door
80%
on
80%
attic
80%
floor
80%
Not
80%
had
80%
bargained
80%
for
80%
take
80%
little
80%
more
80%
small
75%
your
75%
wide
75%
awake
75%
quite
75%
yet
75%
outside
70%
Leaves
65%

You're not logged in!

Compare scores with friends on all Sporcle quizzes.
OR
Log In

From the Vault

'A' Celebrity Images

by sproutcm

These celebrities get an 'A' in being famous.
Remove Ads.
Support Sporcle.
Get the best of Sporcle when you Go Orange. This ad-free experience offers more features, more stats, and more fun while also helping to support Sporcle. Thank you for becoming a member.

Show Comments

Extras

Top Quizzes Today


Score Distribution

Your Account Isn't Verified!

In order to create a playlist on Sporcle, you need to verify the email address you used during registration. Go to your Sporcle Settings to finish the process.

Report this User

Report this user for behavior that violates our Community Guidelines.

Details: